00385nam a2200145Ia 4500008004100000020001500041041001200056082001600068100001400084245006200098260003800160300000800198650001600206700001700222221030s9999 xx 000 0 und d a8185015619 aEnglish a105.23bAho aA. V. Aho 0aPrinciples of Compiler Designcby A. V. Aho, J. D. Ullman bNarosa Pub HouseaNew Delhic1985 a601 aBE Computer aJ. D. Ullman